|
|
|
|
| LEADER |
01236nam a2200217 a 4500 |
| 001 |
GR-MES15223 |
| 008 |
020901s2004 gr j 000 0 gre d |
| 020 |
|
|
|a 9606302571
|
| 040 |
|
|
|a GrPaTEI
|b gre
|c GR-PaULI
|
| 082 |
|
0 |
|a 631.811
|2 21
|
| 245 |
0 |
0 |
|a Καιρός και θρέψη των φυτών :
|b H επίδραση του καιρού σε ζητήματα γονιμότητας ; Λουκάς Τ. Πιστόλης.
|
| 260 |
|
|
|a Λάρισα :
|b Λουκάς Πιστόλης,
|c 2004
|
| 300 |
|
|
|a 209 σ. ;
|c 24 εκ.
|
| 504 |
|
|
|a Περιλαμβάνει βιβλιγοραφία.
|
| 650 |
|
4 |
|a Θρέψη Φυτών
|
| 700 |
1 |
|
|a Πιστόλης, Λουκάς Τ.
|
| 942 |
|
|
|2 ddc
|
| 952 |
|
|
|0 0
|1 0
|2 ddc
|4 0
|6 631_811000000000000_ΠΙΣ
|7 0
|9 273052
|a MSLG
|b MSLG
|c BSC
|d 2021-01-17
|e 24
|f 0
|g 0.00
|l 0
|o 631.811 ΠΙΣ
|p 2420000023863
|r 2021-01-17 00:00:00
|t 1
|v 2021.00
|w 2021-01-17
|y BK15
|x Μεταφορά από Αμαλιάδα (18/10/22)
|x GrPaTEI
|
| 952 |
|
|
|0 0
|1 0
|2 ddc
|4 0
|6 631_811000000000000_ΠΙΣ
|7 0
|9 273053
|a MSLG
|b MSLG
|c BSC
|d 2021-01-17
|e 24
|f 0
|g 0.00
|l 0
|o 631.811 ΠΙΣ
|p 2420000023862
|r 2021-01-17 00:00:00
|t 1
|w 2021-01-17
|y BK15
|x 20090604 0 ΤΣΑΝΤΑΡΛΙΩΤΗ 1
|x GrPaTEI
|
| 971 |
|
|
|a .b25812725
|b 16-04-20
|c 13-09-16
|
| 999 |
|
|
|c 158048
|d 158048
|